Giáo trình luật hiến pháp Việt Nam

Gồm 15 chương trình bày các nội dung: Khái quát về luật lao động Việt Nam; Quan hệ pháp luật Lao động; Cơ chế ba bên; Vai trò của Nhà nước trong lĩnh vực Lao động; Công đoàn và vấn đề đại diện tập thể lao động; Việc làm......

Disgrifiad llawn

Wedi'i Gadw mewn:
Manylion Llyfryddiaeth
Prif Awdur: Lưu, Bình Nhưỡng
Awduron Eraill: Vũ, Hồng Anh
Fformat: Llyfr
Iaith:Undetermined
Cyhoeddwyd: H. Công An Nhân Dân 2009
Pynciau:
Mynediad Ar-lein:http://lrc.tdmu.edu.vn/opac/search/detail.asp?aID=2&ID=19954
Tagiau: Ychwanegu Tag
Dim Tagiau, Byddwch y cyntaf i dagio'r cofnod hwn!
Thư viện lưu trữ: Trung tâm Học liệu Trường Đại học Thủ Dầu Một
LEADER 01131nam a2200217Ia 4500
001 TDMU_19954
008 210410s9999 xx 000 0 und d
082 |a 342.597026 
090 |b L566 
100 |a Lưu, Bình Nhưỡng 
245 0 |a Giáo trình luật hiến pháp Việt Nam 
245 0 |c Lưu Bình Nhưỡng (chủ biên) 
260 |a H. 
260 |b Công An Nhân Dân 
260 |c 2009 
300 |a 568tr. 
520 |a Gồm 15 chương trình bày các nội dung: Khái quát về luật lao động Việt Nam; Quan hệ pháp luật Lao động; Cơ chế ba bên; Vai trò của Nhà nước trong lĩnh vực Lao động; Công đoàn và vấn đề đại diện tập thể lao động; Việc làm... 
650 |a Luật hiến pháp  |z Việt Nam  |v Giáo trình; Việt Nam  |x Luật và Pháp chế  |x Luật Hiến pháp 
700 |a Vũ, Hồng Anh 
856 |u http://lrc.tdmu.edu.vn/opac/search/detail.asp?aID=2&ID=19954 
980 |a Trung tâm Học liệu Trường Đại học Thủ Dầu Một